Kuala Lumpur MRT Circle Line Stations - Statistics

General Stats
  • This quiz has been taken 6 times
  • The average score is 16 of 32
Answer Stats
Station Code Station Name % Correct
CC02 Bukit Kiara
100%
CC01 Bukit Kiara Selatan
100%
CC03 Sri Hartamas
100%
CC04 Bukit Segambut
67%
CC11 Danau Kota
67%
CC06 Dutamas
67%
CC10 Jalan Langkawi
67%
CC27 Kuchai
67%
CC19 Pandan Indah
67%
CC16 Taman Hillview
67%
CC22 Taman Midah
67%
CC05 Taman Sri Sinar
67%
CC08 Titiwangsa
67%
CC31 Universiti
67%
CC15 AU2
33%
CC28 Jalan Klang Lama
33%
CC23 Jalan Yaacob Latif
33%
CC18 Kampung Pandan
33%
CC09 Kampung Puah
33%
CC07 Kompleks Duta
33%
CC29 Pantai Dalam
33%
CC30 Pantai Permai
33%
CC13 Rejang
33%
CC26 Salak Jaya
33%
CC25 Salak Selatan
33%
CC12 Setapak
33%
CC14 Setiawangsa
33%
CC24 Sri Permaisuri
33%
CC21 Taman Cheras
33%
CC20 Taman Kencana
33%
CC17 Tasik Ampang
33%
CC32 Universiti Malaya (UM)
33%
No matching quizzes found
Score Distribution
Percent of People with Each Score
Percentile by Number Answered
Your Score History
You have not taken this quiz